000 01403nam0a2200313 i 4500
001 RU\NLR\BIBL_A\012846968
005 20260406160813.0
010 _a9785807104670
_91500
035 _a(NLR Aleph) 012846968
090 _a12414409
_c12414409
100 _a20220713d2020 u y0rusy50 ca
101 0 _arus
102 _aRU
105 _aa z 000zy
181 0 _ai
_baxxe
182 0 _an
200 1 _aНепокоренный остров
_eгероическая оборона Мальты во Второй мировой войне
_fЕ. Ю. Сергеев
_gРоссийская академия наук, Институт всеобщей истории, Российский государственный университет
203 _aТекст
_bвизуальный
_cнепосредственный
210 _aСанкт-Петербург
_cЕвразия
_d2020
215 _a220, [2] с.
_d21
320 _aБиблиогр.: с. 212-221 и в подстроч. примеч.
606 _aВторая мировая война
_yМальта
_z1939 - 1945
_91345321
_3RU\NLR\AUTH\66246347
686 1 _aТ3(4М)62,02
686 1 _aЦ35(0)62(4М)
700 1 _8rus
_7ca
_aСергеев
_bЕ. Ю.
_cд-р ист. наук
_f1959-
_gЕвгений Юрьевич
_3RU\NLR\AUTH\778397
_9118305
942 _cBOOK
980 _aNBR